Google Doodles by emojis - Statistics

General Stats
  • This quiz has been taken 34 times
  • The average score is 6 of 37
Answer Stats
Hint Answer % Correct
πŸ• Celebrating Pizza
65%
πŸŒΆοΈπŸ‘¨β€πŸ”¬ Wilbur Scoville’s 151st Birthday
50%
πŸ€β›ΉοΈβ€β™‚οΈ Basketball 2012
42%
⚽πŸ₯… Soccer 2012
42%
πŸ§™β€β™‚οΈπŸ± Magic Cat Academy (Halloween 2016)
38%
πŸ±πŸ† Champion Island Games
35%
πŸŽβœ‰οΈ 155th Anniversary of the Pony Express
31%
πŸŽ΅πŸ’Ώ 44th Anniversary of the Birth of Hip Hop
23%
πŸ›ΆπŸŒŠ Slalom Canoe 2012
23%
πŸ‡πŸ₯• Celebrating 50 years of Kids Coding
15%
πŸπŸ¦— Celebrating the ICC Champions Trophy 2017
15%
🧢🌎 Celebrating the late We:wa
15%
🐍πŸ₯Ÿ Chinese New Year 2013
15%
🧹🍬 Global Candy Cup (Halloween 2015)
15%
πŸ’ŒπŸŽ‚ Pangolin Love (Valentine's Day 2017)
15%
πŸ§ŠπŸ‘ Anniversary of Frank Zamboni's 112th Birthday
12%
πŸ’ƒ πŸ•Ί Celebrating Swing Dancing and the Savoy Ballroom!
12%
πŸ©Ίβ” Doctor Who's 50th Anniversary
12%
πŸ‘»πŸ”₯ The Great Ghoul Duel (Halloween 2018)
12%
πŸ“°βœοΈ 100th Anniversary of the Crossword Puzzle
8%
πŸŸ‘πŸ‘» 30th Anniversary of PAC-MAN
8%
πŸ¦Žβ“ 37th Anniversary of Komodo National Park
8%
πŸ“ΊπŸ–– 46th Anniversary of Star Trek's 1st Broadcast
8%
🏑🀏 Celebrating Garden Gnomes
8%
🎹🐎 Celebrating Ludwig van Beethoven's 245th Year
8%
⚾πŸ₯œ Fourth of July 2019
8%
πŸƒβ€β™‚οΈπŸ₯‡ Hurdles 2012
8%
🐈🌊 Magic Cat Academy 2 (Halloween 2020)
8%
πŸ›ΈπŸ‘½ Roswell's 66th Anniversary
8%
πŸ“šβœοΈ 60th Anniversary of Stanislaw Lem's First Publication
4%
πŸŽ΄πŸ€ Celebrating LoterΓ­a!
4%
🎡🎚️ Clara Rockmore’s 105th Birthday
4%
πŸ•·οΈπŸ‘» Halloween 2013
4%
πŸŽ₯🦎 Eiji Tsuburaya’s 114th Birthday
0%
πŸŽ‚πŸ¬ Google's 15th Birthday
0%
πŸ™πŸ¦‰ Halloween 2019
0%
πŸ¦πŸŒ… Qixi Festival / Chilseok
0%
No matching quizzes found
Score Distribution
Percent of People with Each Score
Percentile by Number Answered
Your Score History
You have not taken this quiz